000 00618nam a2200181Ia 4500
005 20260429112233.0
008 260429s9999||||xx |||||||||||||| ||und||
020 _a9789382848745
041 _aHindi
082 _a491.43
_bGAU
100 _aगौड़ा, नामदेव एम.
245 0 _aबैंकिंग में प्रयोजनमूलक हिन्दी /
_cनामदेव एम. गौड़ा
250 _a1st ed.
260 _aदिल्ली :
_bप्रकाशन संस्थान,
_c2014.
300 _a135 p.; Hb
650 _aHindi Language
942 _cTB
999 _c53051
_d53051